000 00554nam a2200169 i 4500
001 126710
003 ES-MaACL
005 20230906192851.0
007 t|
008 070214s1927 sp r ||||1| spa d
100 1 _aRevilla Vielva, Ramón.
_996441
245 1 0 _aOrdenes militares de Santiago, Alcántara, Calatrava y Montesa /
_cRamón Revilla Vielva.
260 _aMadrid :
_bAsilo de Huérfanos del Sagrado Corazón de Jesús,
_c1927.
300 _a70 p. ;
_c24 cm.
650 0 4 _aOrdenes militares-
_zEspaña.
_915746
852 _aES-MaACL
_j1721-F-7
999 _c126710
_d126710